Guess the character’s name - Statistics

General Stats
  • This quiz has been taken 7 times
  • The average score is 20 of 26
Answer Stats
Picture Answer % Correct
Dumbo
100%
Minions
100%
Woody
100%
Anna
83%
Ariel
83%
Belle
83%
Goofy
83%
Mickey Mouse
83%
Nemo
83%
Olaf
83%
Peterpan
83%
Piglet
83%
Pluto
83%
Simba
83%
Jack frost
67%
Judy
67%
Mike
67%
Mulan
67%
Nick
67%
Rapunzel
67%
Sven
67%
Tinker bell
67%
Wall-e
67%
Dug
50%
Pooh
50%
Macqueen
33%
No matching quizzes found
Score Distribution
Percent of People with Each Score
Percentile by Number Answered
Your Score History
You have not taken this quiz